000 00552nam a2200193Ia 4500
005 20250923144340.0
008 008 250917s9999 xx 000 0 eng d
037 _aTextual
040 _aDSWL
_beng
_cDSWL
041 _aeng
_2eng
084 _aY111:45:2:7:N4, H9
_qDSWL
100 _aNeumeyer, M.H
_9823958
245 0 _aHuvenile delinquency in modern society
_cby M.H Neumeyer
260 _aNew York
_c1949
300 _a336 p.
365 _aINR
942 _cTEXL
_hY111:45:2:7:N4, H9
999 _c1437759
_d1437759